Antoinette grófnő

Poviedka na pokračovanie [z pera regionálneho autora, učiteľa vyššej obchodnej školy v Humennom]

Podrobná bibliografia
Hlavný autor: Páll, Július (Author)
Médium: Článok
Jazyk:Hungarian
Témy:
Zdroj: 1. Homonna és Vidéke : Vegyes tartalmu közmüvelődési, szépirodalmi és közgazdasági hetilap 1. Roč. 7, č. 52 (26.12.1907) s. 2 a 3
LEADER 01247nab#a2200397#ar4500
001 000073552
003 SVKKK
005 20091125075519.0
008 080304d1907 xo |||||||||||||||b|hun
FMT
038 |a SVKKK 
040 |a SVKKK  |b slo  |e AACR2 
041 0 |a hun 
044 |a xo  |c SK 
080 |a 821.51.141-3  |2 1997 
080 |a 929 Páll, Július  |2 1997 
100 1 |a Páll, Július  |4 aut 
242 1 0 |a Grófka Antoinette  |c Július Páll  |y slo 
245 1 0 |a Antoinette grófnő  |c Gyula Páll 
300 |b Pokračovanie 
500 |a Gyula 
500 |a mikrofilm 
500 |a Dohľadanie 
520 2 |a Poviedka na pokračovanie [z pera regionálneho autora, učiteľa vyššej obchodnej školy v Humennom] 
600 1 4 |a Páll, Július  |d 18??-19??  |x učiteľ, básnik, publicista  |z Humenné (Slovensko)  |x pôsobenie 
650 0 4 |a poviedka  |x literatúra maďarská 
655 4 |a hungariká 
773 0 |t Homonna és Vidéke : Vegyes tartalmu közmüvelődési, szépirodalmi és közgazdasági hetilap  |g Roč. 7, č. 52 (26.12.1907) s. 2 a 3 
957 |a Humenné 
958 |a DG 
958 |a HU 
974 |a Ba 
992 |a RBX 
997 |a Páll, Gyula p. Páll, Július  |d Homonna p. Humenné 
BAS
998 |a RETRO